00750cam a2200253 a 450000100090000000300050000900500170001400800410003101000170007202000250008903500200011404000240013404200080015805000240016606000090019008200150019924500830021425000120029726000560030930000460036550400510041165000180046270000160048017544799Nust20170307095616.0121128s2013 stka b 001 0 eng  a 2012047644 a9780702051791 (pbk.) a(DNLM)101596731 aDNLM/DLCcASABdDLC apcc00aRB112.5b.C554 201310aQU 400a616.0722300aClinical biochemistry :ban illustrated colour text /cAllan Gaw ... [et al.]. a5th ed. aEdinburgh :bChurchill Livingstone/Elsevier,c2013. avii, 187 p. :bill. (some col.) ;c30 cm. aIncludes bibliographical references and index.12aBiochemistry.1 aGaw, Allan.